| 000 | 01009nam a22003135a 4500 | ||
|---|---|---|---|
| 999 |
_c141940 _d141940 |
||
| 005 | 20180728150024.0 | ||
| 007 | fb a a | ||
| 008 | 180405b my ||||| |||| 00| 0 mayd | ||
| 020 |
_c134.00 _qpaperback |
||
| 040 |
_aPPAK _beng _cPPAK _erda _dPPAK |
||
| 082 | 0 | 4 |
_223 _a507.6 |
| 090 | 0 | 0 |
_a507.6 _bALI _dRKOKU |
| 100 | 0 |
_aAlias Puteh _eauthor. |
|
| 245 | 1 | 0 |
_aSAINS AKTIVITI. _nTAHUN 1. _nJILID 1/6 - 6/6 / _cAlias Puteh, Jong Tze Kian, Mohd Ramadhan |
| 264 | 1 |
_aKuala Lumpur : _bDewan Bahasa dan Pustaka, _c2016. |
|
| 300 |
_a6 volumes (unpaged) ; _c30 cm |
||
| 336 |
_2rdacontent _atext |
||
| 337 |
_2rdamedia _aunmediated |
||
| 338 |
_2rdacarrier _avolume |
||
| 500 | _aThe book has been place it at OKU ROOM PPAK Alor Setar | ||
| 500 | _aYear 1 | ||
| 521 | 1 | _aPrimary school | |
| 650 | 1 | 0 | _aScience Problems, exercises, etc |
| 650 | 2 | 0 | _aBraille books |
| 650 | 2 | 0 | _aGovernment publications--Malaysia |
| 700 | 0 |
_aJong, Tze Kian _eauthor |
|
| 700 | 0 |
_aMohd Ramadhan _eauthor |
|
| 942 |
_2ddc _cB |
||